00833nac a22002171u 4500010001300000020001500013082001900028090001500047100003400062245013200096250001200228260004800240300003500288504006400323650001100387700002400398700002600422942002100448999001500469952013100484 a90041313 a812032510900a621.3848bN275 c1009d1009 aNathanson, Fred E. 10aRadar design principles :bsignal processing and the environment /cFred E. Nathanson, with J. Patrick Reilly, Marvin N. Cohen. a2nd ed. aNew Delhi :bPrentice-Hall of India,c2004. axiii, 720 p. :bill. ;c24 cm. aIncludes bibliographical references (p. 681-713) and index. 0aRadar.1 aReilly, J. Patrick.1 aCohen, Marvin,d1949- cBBk621.3848N275 c1009d1009 00102ddc40708 aMAINbMAINc1STd2016-08-06epurchaseg140.00l0o621.3848 NATp000003496r2025-07-15 00:00:00v175.00yBB